000 01233nam a2200325 a 4500
001 ebr10369690
003 CaPaEBR
006 m u
007 cr cn|||||||||
008 000504s2000 enk sb 001 0 eng d
010 _z 99076905
020 _z080397535X (pbk.)
020 _z0803975341
020 _z9780803975347
020 _z9780857022851 (e-book)
040 _aCaPaEBR
_cCaPaEBR
035 _a(OCoLC)593268452
050 1 4 _aK370
_b.A55 2000eb
082 0 4 _a340/.115
_221
100 1 _aAnleu, Sharyn L. Roach,
_d1959-
245 1 0 _aLaw and social change
_h[electronic resource] /
_cSharyn L. Roach Anleu.
260 _aLondon ;
_aThousand Oaks [Calif.] :
_bSage Publications,
_c2000.
300 _aix, 277 p.
504 _aIncludes bibliographical references (p. [237]-271) and index.
533 _aElectronic reproduction.
_bPalo Alto, Calif. :
_cebrary,
_d2013.
_nAvailable via World Wide Web.
_nAccess may be limited to ebrary affiliated libraries.
650 0 _aSociological jurisprudence.
655 7 _aElectronic books.
_2local
710 2 _aebrary, Inc.
856 4 0 _uhttp://site.ebrary.com/lib/rucke/Doc?id=10369690
_zAn electronic book accessible through the World Wide Web; click to view
999 _c109555
_d109555